DEBATING SWARAJ (Record no. 213285)

MARC details
000 -LEADER
fixed length control field 00599nam a22002177a 4500
005 - DATE AND TIME OF LATEST TRANSACTION
control field 20250903123254.0
010 ## - LCCN (DPL NO)
LC control number ENG-146575
020 ## - INTERNATIONAL STANDARD BOOK NUMBER
Terms of availability 1155.00
International Standard Book Number 9789354428272
035 ## - SYSTEM CONTROL NUMBER
System control number EN-130107
037 ## - SOURCE OF ACQUISITION
Source of stock number/acquisition DBAD
082 ## - DEWEY DECIMAL CLASSIFICATION NUMBER
Classification number 301.153
100 ## - MAIN ENTRY--PERSONAL NAME
Personal name RAI DHANANJAY
245 ## - TITLE STATEMENT
Title DEBATING SWARAJ
Statement of responsibility, etc DHANANJAY RAI
250 ## - EDITION STATEMENT
Edition statement 1
260 ## - PUBLICATION, DISTRIBUTION, ETC. (IMPRINT)
Place of publication, distribution, etc Telangana
Name of publisher, distributor, etc orient blackswan private limited
Date of publication, distribution, etc 2025
270 ## - ADDRESS
Address 3-6-752 Himayatnagar ,hyderabad
City telangana
Postal code 110020
300 ## - PHYSICAL DESCRIPTION
Extent 227p.
Dimensions 21(pb)
700 ## - ADDED ENTRY--PERSONAL NAME
9 (RLIN) 84565
700 ## - ADDED ENTRY--PERSONAL NAME
9 (RLIN) 84566
942 ## - ADDED ENTRY ELEMENTS (KOHA)
Source of classification or shelving scheme Dewey Decimal Classification
Item type English Books
Classification part 301.153
Call number suffix deb
Edition 1

No items available.


© Delhi Public Library
Hit Counter
free hit counter